Hellenistic Alexandria : celebrating 24 centuries : papers presented at the conference held on December 13-15 2017 at Acropolis Museum, Athens /
This proceedings volume includes high-level dialogues and philosophical discussions between international experts on Hellenistic Alexandria. The goal was to celebrate the 24 centuries which have elapsed since its foundation and the beginning of the Library and the Museum of Alexandria.
مؤلفون آخرون: ,
التنسيق: كتاب الكتروني
اللغة: English
منشور في:
Summertown, Oxford :
Archaeopress Publishing Ltd,
2019.
سلاسل:
Archaeopress archaeology.
الموضوعات:
الوصول للمادة أونلاين: Login to view Source
الوسوم: إضافة وسم
رقم الطلب: DT73.A4
| LEADER | 02031nam a2200409 i 4500 | ||
|---|---|---|---|
| 001 | EDZ0002020405 | ||
| 003 | StDuBDS | ||
| 005 | 20230412182357.0 | ||
| 006 | m|||||o||d|||||||| | ||
| 007 | cr ||||||||||| | ||
| 008 | 190129s2019 enka fo 100|0|eng|d | ||
| 020 | |a 9781789690675 (ebook) : |c No price | ||
| 040 | |a StDuBDS |b eng |c StDuBDS |e rda |e pn | ||
| 050 | 4 | |a DT73.A4 | |
| 082 | 0 | 4 | |a 932.102 |2 23 |
| 245 | 0 | 0 | |a Hellenistic Alexandria : |b celebrating 24 centuries : papers presented at the conference held on December 13-15 2017 at Acropolis Museum, Athens / |c edited by Christos S. Zerefos and Marianna V. Vardinoyannis. |
| 264 | 1 | |a Summertown, Oxford : |b Archaeopress Publishing Ltd, |c 2019. | |
| 300 | |a 1 online resource (xx, 296 pages) : |b illustrations (black and white, and colour). | ||
| 336 | |a text |2 rdacontent | ||
| 337 | |a computer |2 rdamedia | ||
| 338 | |a online resource |2 rdacarrier | ||
| 490 | 1 | |a Archaeopress archaeology | |
| 500 | |a Previously issued in print: 2019. | ||
| 500 | |a Selected conference papers. | ||
| 520 | 8 | |a This proceedings volume includes high-level dialogues and philosophical discussions between international experts on Hellenistic Alexandria. The goal was to celebrate the 24 centuries which have elapsed since its foundation and the beginning of the Library and the Museum of Alexandria. | |
| 521 | |a Specialized. | ||
| 588 | |a Description based on online resource; title from home page (viewed on February 28, 2019). | ||
| 651 | 0 | |a Alexandria (Egypt) |x History |v Congresses. | |
| 651 | 0 | |a Alexandria (Egypt) |x Civilization |v Congresses. | |
| 700 | 1 | |a Zerefos, C. S. |q (Christos S.), |e editor. | |
| 700 | 1 | |a Vardinoyannis, Marianna V., |e editor. | |
| 776 | 0 | 8 | |i Print version : |z 9781789690668 |
| 830 | 0 | |a Archaeopress archaeology. | |
| 856 | 4 | 0 | |3 Archaeopress |u http://library.arce.org:8087/Archaeopress/Products/9781789690668 |
| 942 | |2 lcc |c EBOOK | ||
| 952 | |0 0 |1 0 |4 0 |6 DT0073 A4 |7 1 |9 46484 |a ARCH |b ARCH |d 2023-04-12 |l 0 |o DT73.A4 |r 2023-04-12 00:00:00 |w 2023-04-12 |y EBOOK | ||
| 999 | |c 52142 |d 52142 | ||
